000
00320nam a2200133Ia 4500
008
210312s9999||||xx |||||||||||||| ||und||
041
_a
osm
050
_a
PS1300
050
_b
Y57
100
_a
Twain, Mark
245
0
_a
25 milyonluk banknot
260
_c
1320
650
_a
Edebiyat--Amerikan edebiyatı--Roman ve hikaye
999
_c
22036
_d
22036